| 000 | 00940cam a2200265 4500 | ||
|---|---|---|---|
| 005 | 20230704134210.0 | ||
| 008 | 230704b sp |||||||| |||| 00| 0 spa d | ||
| 020 | _a8420628794 | ||
| 050 | 0 | 4 |
_aHM73 _bB42 1997 |
| 100 | 1 | _aBeck, Ulrich | |
| 240 | _aReflexive Modernization.Politics, Tradition and Aesthetics in the Modern Social Order | ||
| 245 | 1 | 0 |
_aModernizacion reflexiva : Política, tradición y estética en el orden social moderno / _cUlrich Beck, Anthony Giddens y Scott Lash ; versión española de Jesús Albores. |
| 250 | _a1a ed. | ||
| 260 |
_aMadrid : _bAlianza, _c1997 |
||
| 300 |
_a265 p. ; _c20 cm. |
||
| 490 | 0 |
_aAlianza Universidad ; _v879 |
|
| 504 | _aIncluye índice | ||
| 650 | 4 | _aEstructura social | |
| 650 | 4 | _aPosmodernismo | |
| 650 | 4 | _aCivilizacion Moderna | |
| 700 | 1 |
_aGiddens, Anthony, _ecoaut. |
|
| 700 | 1 |
_aLash, Scott, _ecoaut. |
|
| 700 | 1 |
_aAlbores, Jesús, _4vers. esp. |
|
| 942 |
_2lcc _cLIB |
||
| 999 |
_c93623 _d93623 |
||